000 01189nam a22003497a 4500
003 CHAP
005 20220329135110.0
008 971013s1979 r 00010 d
010 _a30886
011 _a31858
035 _a35970
040 _cCHAP
082 _a581.5
_bN39
100 0 0 _aNava Coronel, Roberto.
_980444
245 _aEcosistema ; la unidad de la naturaleza y el hombre
260 _aSaltillo, Coah. :
_bUniversidad Autónoma Agraria Antonio Narro,
_c1979
300 _a332 p.
_b: ilus.
490 _aSerie de recursos naturales
590 _aBATCH-UPD
_b10
_c20130110
_lUCH01
_h0059
590 _aBATCH-UPD
_b10
_c20130110
_lUCH01
_h1904
590 _aCONVERSION
_b10
_c20130109
_lUCH01
_h1318
650 1 4 _aEcosistema.
_935290
650 1 4 _aRecursos naturales.
_995172
700 0 _aArmijo T., Roberto.
_97208
700 0 _aGasto C., Juan.
_947251
830 0 _aSerie de recursos naturales
_9104783
901 _aBK
942 _cLIBRO
949 _a581.5 N39
_bBC
_cLIBRO
_d-83019
_eLIBRO
_fc.2
_h56803
_i35970
_si
949 _a581.5 N39
_bBC
_cLIBRO
_d33724000542049
_eLIBRO
_h56802
_i35970
_si
949 _a581.5 N39
_bBC
_cLIBRO
_d33724002012842
_eLIBRO
_fc.3
_h78741
_i35970
_si
999 _c30886
_d30886